000 00617nam a2200193Ia 4500
003 GCL
008 140319s9999 xx 000 0 ara d
040 _aGCL /
_cGCL
082 0 4 _aق
_b962.064
_bن م
100 1 _aنيكدمون, شلومو
245 1 0 _aما قبل ساعة الصفر قصة الاحداث التى سبقت حرب الايام الستة /
_cنيكدمون, شلومو
300 _a267 ص
490 _a
650 0 4 _aالنزاع العربى الاسرائيلى
650 0 4 _aاسرائيل
650 0 4 _aالكنيست
650 0 4 _aحرب يونيو 1967 - مصر
942 _2ddc
_cBK
999 _c39367
_d39367